| 000 | 00457nam a2200181Ia 4500 | ||
|---|---|---|---|
| 001 | 3183 | ||
| 005 | 20260306144902.0 | ||
| 008 | 260306t2005||||xx |||||||||||||| ||spa|| | ||
| 041 | _aESP | ||
| 082 |
_a261.8 _bI59 |
||
| 100 |
_aInstituto de Estudios Social Cristianos _eAUT |
||
| 245 | 0 | _aActualidad del pensamiento social cristiano | |
| 260 | _c2005 | ||
| 300 |
_a198 páginas : _c21 cm. |
||
| 650 | _aGEN | ||
| 654 | _aCHU | ||
| 942 |
_cLIB _dJUS _fJUS _2ddc _n |
||
| 999 |
_c3183 _d3183 |
||